000 00622nam a2200193Ia 4500
008 151121s9999||||xx |||||||||||||| ||und||
082 _a920/आठव
082 _bHNW-70147
100 _aआठवले सदाशिव
245 _aजॉर्ज वॉशिंग्टन
260 _b"सौ। चिकटे, पुणे।"
260 _c--
300 _a211
600 _aआठवले सदाशिव
630 _aजॉर्ज वॉशिंग्टन
700 _aआठवले सदाशिव
730 _aजॉर्ज वॉशिंग्टन
942 _cBOOK
999 _c1251622
_d1251619